| 000 | 00881nam a22001337a 4500 | ||
|---|---|---|---|
| 999 |
_c533788 _d533788 |
||
| 008 | 260624b ||||| |||| 00| 0 eng d | ||
| 100 |
_a Kumar, Anoop S. _961315 |
||
| 245 | _aWeaponised finance and the tariff war | ||
| 260 | _aEconomic & Political Weekly | ||
| 300 | _a61(23), Jun 6, 2026: p.14-17 | ||
| 520 | _aPunitive tariffs, secondary sanctions, and control over payment networks form a continuum of coercive statecraft. India’s options to reduce exposure may present themselves through alternative payment systems and bilateral currency arrangements. A more autonomous financial architecture may mitigate vulnerability, yet building it presents significant technical, economic, and diplomatic challenges.- Reproduced https://www.epw.in/journal/2026/23/commentary/weaponised-finance-and-tariff-war.html | ||
| 773 | _aEconomic & Political Weekly | ||
| 942 | _cAR | ||